خطأ فى التفسير / (Record no. 14336)
[ view plain ]
| 000 -LEADER | |
|---|---|
| fixed length control field | 00720nam a22001817a 4500 |
| 008 - FIXED-LENGTH DATA ELEMENTS--GENERAL INFORMATION | |
| fixed length control field | 100701t xxu||||| |||| 00| 0 eng d |
| 082 ## - DEWEY DECIMAL CLASSIFICATION NUMBER | |
| Edition number | 22 |
| Classification number | 210 |
| Item number | خ ا ن |
| 100 ## - MAIN ENTRY--PERSONAL NAME | |
| 9 (RLIN) | 15691 |
| Personal name | خان, وحيد الدين |
| 245 ## - TITLE STATEMENT | |
| Title | خطأ فى التفسير / |
| Statement of responsibility, etc | وحيد الدين خان |
| 260 ## - PUBLICATION, DISTRIBUTION, ETC. (IMPRINT) | |
| Place of publication, distribution, etc | [د.م.]: |
| Name of publisher, distributor, etc | [ دن.], |
| Date of publication, distribution, etc | [1986] |
| 300 ## - PHYSICAL DESCRIPTION | |
| Extent | 326 ص؛ |
| Dimensions | 20 سم. |
| 500 ## - GENERAL NOTE | |
| General note | مترجم من اللغة الأردية |
| 650 ## - SUBJECT ADDED ENTRY--TOPICAL TERM | |
| 9 (RLIN) | 15692 |
| Topical term or geographic name as entry element | الإسلام |
| 650 ## - SUBJECT ADDED ENTRY--TOPICAL TERM | |
| 9 (RLIN) | 15693 |
| Topical term or geographic name as entry element | الإسلام - فلسفة |
| 650 ## - SUBJECT ADDED ENTRY--TOPICAL TERM | |
| 9 (RLIN) | 15696 |
| Topical term or geographic name as entry element | الإسلام - تاريخ |
| 942 ## - ADDED ENTRY ELEMENTS (KOHA) | |
| Source of classification or shelving scheme | Dewey Decimal Classification |
| Item type | Book - Borrowing |
| Withdrawn status | Item status | Source of classification or shelving scheme | Damaged status | Not for loan | Vendor | Home library | Current library | Shelving location | Date acquired | Source of acquisition | Total Checkouts | Full call number | Barcode | Date last seen | Koha item type |
|---|---|---|---|---|---|---|---|---|---|---|---|---|---|---|---|
| Dewey Decimal Classification | Alef-Baa | Central Library | Central Library | Lower Floor | 01/07/2010 | 210 خان | 000021322 | 15/07/2025 | Book - Borrowing |